000 01375nam0a22002531 4500
001 rc\659356
005 20260407114818.0
035 _a(NLR Aleph) 005898738
090 _a6254156
_c6254156
100 _a20031121d1986 |||y0rusy50 ca
101 0 _arus
102 _aRU
105 _aa |||||||||
200 1 _aВопросы эффективности градостроительного использования территории Молдавской ССР
_eСб. науч. тр.
_fЗонал. н.-и. и проект. ин-т типового и эксперим. проектирования жилых и обществ. зданий, г. Киев
_g[Редкол.: Е.Е. Клюшниченко (гл. ред.) и др.]
210 _aКиев
_cКиев. ЗНИИЭП
_d1986
215 _a99 с.
_cил.
_d20
320 _aБиблиогр. в конце ст.
702 1 _aКлюшниченко
_bЕ.Е.
_gЕвгений Елисеевич
_4340
712 0 2 _aЗональный научно-исследовательский и проектный институт типового и экспериментального проектирования жилых и общественных зданий
_cКиев
_3RU\NLR\AUTH\889947374
_9390390
801 0 _aRU
_bNLR
_gpsbo
801 1 _aRU
_bELAR
_2rusmarc
852 _aNLR
_j87-4/594
942 _cBOOK
980 _aNB